Hindi to English translation - Statistics

General Stats
  • This quiz has been taken 265 times
    247 since last reset
  • The average score is 16 of 20
Answer Stats
Hindi Word English Translation % Correct
Namaste Hello
97%
Naheen No
94%
Ek One
93%
Haan Yes
90%
Paanch Five
88%
Dhanyavad Thank You
88%
Kutta Dog
87%
Aaj Today
87%
Paanee Water
86%
Billee Cat
85%
Kal Tomorrow
83%
Bhaee Brother
82%
Paapa Dad
82%
Khaana Food
81%
Bahan Sister
75%
Chalo Let us go
74%
Suniye Listen
74%
Nau Nine
73%
Tota Parrot
48%
Gend Ball
34%
No matching quizzes found
Score Distribution
Percent of People with Each Score
Percentile by Number Answered
Your Score History
You have not taken this quiz since the last reset